| 000 | 00430nmm a2200157Ia 4500 | ||
|---|---|---|---|
| 008 | 251105s9999||||xx |||||||||||||||||und|| | ||
| 041 | _aspa | ||
| 100 | _aSierra, Juan Carlos | ||
| 245 | 0 | _aCiclotímicos | |
| 264 |
_a[Madrid, España] : _bSílex Ediciones, _c2019 |
||
| 300 | _a212 páginas | ||
| 490 | _aCuentahilos | ||
| 650 | _aHistorical fiction | ||
| 856 | _uhttps://public.digitaliapublishing.com/a/62983 | ||
| 942 | _cCF | ||
| 999 |
_c98953 _d98953 |
||